Law and anthropology : a reader / (Record no. 424)

000 -LEADER
fixed length control field 01029cam a22002894a 4500
001 - CONTROL NUMBER
control field 13427925
003 - CONTROL NUMBER IDENTIFIER
control field OSt
005 - DATE AND TIME OF LATEST TRANSACTION
control field 20140116120827.0
008 - FIXED-LENGTH DATA ELEMENTS--GENERAL INFORMATION
fixed length control field 031208s2005 mau b 001 0 eng
010 ## - LIBRARY OF CONGRESS CONTROL NUMBER
LC control number 2003026673
020 ## - INTERNATIONAL STANDARD BOOK NUMBER
International Standard Book Number 9781405102285
040 ## - CATALOGING SOURCE
Original cataloging agency DLC
Transcribing agency DLC
Modifying agency DLC
042 ## - AUTHENTICATION CODE
Authentication code pcc
050 00 - LIBRARY OF CONGRESS CALL NUMBER
Classification number K487.A57L39 2005
245 00 - TITLE STATEMENT
Title Law and anthropology : a reader /
Statement of responsibility, etc edited by Sally Falk Moore.
260 ## - PUBLICATION, DISTRIBUTION, ETC. (IMPRINT)
Place of publication, distribution, etc Malden, MA :
Name of publisher, distributor, etc Blackwell Publishing,
Date of publication, distribution, etc 2005.
300 ## - PHYSICAL DESCRIPTION
Extent xii, 371 p.
440 #0 - SERIES STATEMENT/ADDED ENTRY--TITLE
Title Blackwell anthologies in social and cultural anthropology
504 ## - BIBLIOGRAPHY, ETC. NOTE
Bibliography, etc Includes bibliographical references and index.
650 #0 - SUBJECT ADDED ENTRY--TOPICAL TERM
Topical term or geographic name as entry element Law and anthropology.
650 #0 - SUBJECT ADDED ENTRY--TOPICAL TERM
Topical term or geographic name as entry element Ethnological jurisprudence.
700 1# - ADDED ENTRY--PERSONAL NAME
Personal name Moore, Sally Falk,
Dates associated with a name 1924-
856 41 - ELECTRONIC LOCATION AND ACCESS
Materials specified Table of contents
Uniform Resource Identifier <a href="http://www.loc.gov/catdir/toc/ecip0412/2003026673.html">http://www.loc.gov/catdir/toc/ecip0412/2003026673.html</a>
906 ## - LOCAL DATA ELEMENT F, LDF (RLIN)
a 7
b cbc
c orignew
d 1
e ecip
f 20
g y-gencatlg
942 ## - ADDED ENTRY ELEMENTS (KOHA)
Source of classification or shelving scheme
Koha item type Book
Holdings
Withdrawn status Lost status Source of classification or shelving scheme Damaged status Not for loan Home library Current library Date acquired Source of acquisition Total Checkouts Full call number Barcode Date last seen Copy number Price effective from Koha item type Date checked out
          Riara University Library Riara University Library 19/10/2011 Purchase   K487.A57L39 2005 399/11 19/10/2011 C.1 19/10/2011 Book  
          Riara University Library Riara University Library 19/10/2011 Purchase 1 K487.A57L39 2005 398/11 09/07/2016 C.2 19/10/2011 Book 05/07/2016
          Riara University Library Riara University Library 19/10/2011 Purchase 4 K487.A57L39 2005 397/11 12/11/2013 C.3 19/10/2011 Book 12/11/2013

Riara University Library,
P.O. Box 49940-00100,
Nairobi, Kenya.